000 00381nam a2200145Ia 4500
008 240624s9999 xx 000 0 und d
041 _aeng
082 _a658.8 IMB
100 _aIMBRIALE ROBERT
245 _aMOTIVATIONAL MARKETING HOW TO EFFECTIVEL
250 _a11
260 _c2007
_aNew Jersey
_bJohn Wiley and Sons
300 _axxvi, : 198 : p. : cm. ; 23
365 _c
_b30
999 _c17950
_d17950